Manufacturing engineering processes /

Bibliographic Details
Main Author: Alting, Leo, 1939-
Other Authors: Boothroyd, G. (Geoffrey), 1932-
Format: Book
Language:English
Danish
Published: New York : M. Dekker, [1982]
Series:Manufacturing engineering and materials processing ; 7.
Subjects:

MARC

Tag First Indicator Second Indicator Subfields
LEADER 00000pam a2200000 a 4500
001 in00000083332
005 20151008061230.0
008 820111s1982 nyua b 00110 eng
010 |a  81019623  
020 |a 0824715284 
035 |a (OCoLC)08132118 
035 |9 AAJ7604AM 
039 0 |a 2  |b 3  |c 3  |d 3  |e 3 
040 |a DLC  |c DLC  |d TXA  |d UtOrBLW 
041 1 |a eng  |a dan 
049 |a TXAM  |c [1673134] 
050 0 0 |a TS183  |b .A4713 1982 
082 0 |a 670.42  |2 19 
100 1 |a Alting, Leo,  |d 1939- 
240 1 0 |a Grundlæggende mekanisk teknologi.  |l English 
245 1 0 |a Manufacturing engineering processes /  |c Leo Alting ; English version edited by Geoffrey Boothroyd. 
264 1 |a New York :  |b M. Dekker,  |c [1982] 
264 4 |c ©1982 
300 |a xii, 367 pages :  |b illustrations ;  |c 24 cm. 
336 |a text  |b txt  |2 rdacontent 
337 |a unmediated  |b n  |2 rdamedia 
338 |a volume  |b nc  |2 rdacarrier 
490 1 |a Manufacturing engineering and materials processing ;  |v 7 
500 |a Translation of: Grundlaeggende mekanisk teknologi. 
504 |a Includes bibliographical references and index. 
650 0 |a Manufacturing processes. 
700 1 |a Boothroyd, G.  |q (Geoffrey),  |d 1932- 
830 0 |a Manufacturing engineering and materials processing ;  |v 7. 
999 |a MARS 
999 f f |s 0532a8d3-d8a6-3f8c-873b-8e5baf9f45bf  |i a0ac8cf3-38bc-3501-819d-add5d7a7bd70  |t 0 
952 f f |p normal  |a Texas A&M University  |b College Station  |c Sterling C. Evans Library  |d Evans: Library Stacks  |t 0  |e TS183 .A4713 1982  |h Library of Congress classification  |i unmediated -- volume  |m A14806258771 
998 f f |a TS183 .A4713 1982  |t 0  |l Evans: Library Stacks